| 000 | 01085nam a22003377a 4500 | ||
|---|---|---|---|
| 003 | CHAP | ||
| 005 | 20220329134651.0 | ||
| 008 | 971013s1971 r 00010 d | ||
| 010 | _a23937 | ||
| 011 | _a24909 | ||
| 035 | _a29009 | ||
| 040 | _cCHAP | ||
| 082 |
_a636.3 _bA9 |
||
| 100 | 0 | 0 |
_aAzzarini, Mario. _99227 |
| 245 | _aAspectos modernos de la producción ovina | ||
| 260 |
_aMontevideo : _bUniversidad de la República, _c(1971) |
||
| 300 |
_a197 p. _b: ilus. ; mapas |
||
| 490 |
_aColección ciencias _v; 6 |
||
| 590 |
_aBATCH-UPD _b10 _c20130110 _lUCH01 _h0117 |
||
| 590 |
_aBATCH-UPD _b10 _c20130110 _lUCH01 _h1312 |
||
| 590 |
_aBATCH-UPD _b10 _c20130409 _lUCH01 _h2110 |
||
| 590 |
_aBATCH-UPD _b10 _c20130410 _lUCH01 _h0825 |
||
| 590 |
_aBATCH-UPD _b10 _c20130914 _lUCH01 _h1003 |
||
| 590 |
_aCONVERSION _b10 _c20130109 _lUCH01 _h1314 |
||
| 650 | 1 | 4 |
_aGanado lanar _xCría de. _945167 |
| 700 | 0 |
_aPonzoni, Raoul W. _990857 |
|
| 830 | 0 |
_aColección ciencias _v; 6 _924742 |
|
| 901 | _aBK | ||
| 942 | _cLIBRO | ||
| 949 |
_a636.3 A9 _bBC _cLIBRO _d33724000113114 _eLIBRO _h29624 _i29009 _si |
||
| 999 |
_c23937 _d23937 |
||